Montagne Alpine di maggiora Prominenza - Statistics

Statistiche generali
  • Questo quiz è stato fatto 301 volte
  • Il punteggio medio è 4 su 10
Risposte nella Mappa
Le risposte nella mappa del quiz sottostante sono codificate secondo una scala di colori dal rosso al verde in base alla % di persone che hanno risposto correttamente.
 
Statistiche sulle risposte
Altezza Prominenza Vetta % Corretto
4808 4695 Monte Bianco
98%
4634 2165 Monte Rosa
94%
3841 2062 Monte Vioz
57%
3343 2134 Marmolada
51%
3905 1953 Ortles
36%
4049 2234 Pizzo Bernina
17%
3798 2428 Großglockner
11%
4102 2045 Barre des Écrins
5%
4274 2280 Finsteraarhorn
3%
3770 2263 Wildspitze
3%
Nessun quiz corrispondente trovato
Distribuzione punteggi
Percentuale di utenti per punteggio
Percentile per numero di risposta
I tuoi punteggi nel tempo
Non hai fatto questo quiz